Tintin : jurons du capitaine Haddock ou pas ? (version facile) - Statistiques

Statistiques générales
  • Ce quiz a été pris 65 fois
  • Le résultat moyen est 13 sur 26
Answers on the Grid
Answers color-coded by a green-red scale on the quiz's grid according to % correct below.
Bougre de crème d'emplâtre à la graisse de hérisson
Tête brûlée
Espèce de loup-garou à la graisse de renoncule de mille sabords
Zombie
Cyrano à quatre pattes
Gueux
Anthropopithèque
Marchand de guano
Trompe-la-mort
Ectoplasme
Va-nu-pieds
Bachi-bouzouk
Sinistre farceur
Flibustier de carnaval
Vieille perruche bavarde
Concentré de moule à gaufres
Misérable ver de terre
Matelot
Amiral de bateau-lavoir
Mérinos mal peignés
Faux jeton à la sauce tartare
Andouille
Simili-Martien à la graisse de cabestan
Crétin des Alpes
Cruche
Moussaillon de malheur
Zouave à la noix de coco
Extrait de cornichon
Ours mal léché
Espèce de porc-épic mal embouché
Mille millions de mille milliards de mille sabords de tonnerre de Brest
 
Statistiques - réponses
Réponse % Correct
Bougre de crème d'emplâtre à la graisse de hérisson
79%
Ectoplasme
75%
Bachi-bouzouk
68%
Espèce de loup-garou à la graisse de renoncule de mille sabords
68%
Anthropopithèque
64%
Concentré de moule à gaufres
64%
Mille millions de mille milliards de mille sabords de tonnerre de Brest
64%
Va-nu-pieds
54%
Espèce de porc-épic mal embouché
50%
Flibustier de carnaval
50%
Marchand de guano
50%
Misérable ver de terre
50%
Amiral de bateau-lavoir
46%
Crétin des Alpes
46%
Extrait de cornichon
46%
Moussaillon de malheur
46%
Zouave à la noix de coco
46%
Vieille perruche bavarde
39%
Cyrano à quatre pattes
36%
Sinistre farceur
36%
Trompe-la-mort
36%
Ours mal léché
32%
Simili-Martien à la graisse de cabestan
32%
Andouille
29%
Faux jeton à la sauce tartare
29%
Mérinos mal peignés
29%
Aucun quiz correspondant
Distribution des résultats
% des personnes avec chaque résultat
Percentile par nombre de réponses
Votre historique - résultats
Vous n’avez pas pris ce quiz